|
|
|
|
| LEADER |
00954cam a2200265 7i4500 |
| 001 |
0000026506 |
| 005 |
20170218090000.0 |
| 008 |
090317 eng |
| 020 |
|
|
|a 9789839065251
|
| 020 |
|
|
|a 9839065254 (pbk.)
|
| 040 |
|
|
|a DLC
|
| 090 |
0 |
0 |
|a HF5549
|b .Y63 2007
|
| 100 |
1 |
|
|a Yong, Alex
|
| 245 |
0 |
0 |
|a Malaysian human resource management
|c Alex Yong.
|
| 250 |
|
|
|a New revised edition.
|
| 260 |
|
|
|a Kuala Lumpur:
|b Malaysian Institute of Management,
|c 2007.
|
| 300 |
|
|
|a xxvii, 299 p.:
|b ill.;
|c 22 cm.
|
| 504 |
|
|
|a Includes bibliographical references and index
|
| 650 |
0 |
0 |
|a Personnel management --
|z Malaysia
|
| 650 |
0 |
0 |
|a Personnel management
|
| 997 |
|
|
|a Business & Accountancy, Faculty
|
| 998 |
|
|
|a Human Resource Management, Degree
|
| 999 |
|
|
|a 0000033278
|b BOK
|c OPEN SHELF
|e 1st Floor, Shah Alam
|
| 999 |
|
|
|a 0000033279
|b BOK
|c OPEN SHELF
|e 1st Floor, Shah Alam
|
| 999 |
|
|
|a 0000033280
|b BOK
|c OPEN SHELF
|e 1st Floor, Shah Alam
|